Handbook of solid waste disposal : (Record no. 14672)
[ view plain ]
| 000 -LEADER | |
|---|---|
| fixed length control field | 01140cam a22003252 4500 |
| 001 - CONTROL NUMBER | |
| control field | 14672 |
| 003 - CONTROL NUMBER IDENTIFIER | |
| rucl marc code | BD-RjUL |
| 005 - DATE AND TIME OF LATEST TRANSACTION | |
| control field | 20211208235653.0 |
| 008 - FIXED-LENGTH DATA ELEMENTS--GENERAL INFORMATION | |
| fixed length control field | 140208s1975 nyua g b 001 0 eng d |
| 020 ## - INTERNATIONAL STANDARD BOOK NUMBER | |
| International Standard Book Number | 0442230273 |
| 035 ## - SYSTEM CONTROL NUMBER | |
| System control number | OCLC ocm01103168 from D971013M |
| -- | (BD-RjUL)14726 |
| 040 ## - CATALOGING SOURCE | |
| Original cataloging agency | DLC |
| Transcribing agency | DLC |
| Modifying agency | BD-RjUL |
| Language of cataloging | eng |
| 041 ## - LANGUAGE CODE | |
| Language code of text/sound track or separate title | eng |
| 082 ## - DEWEY DECIMAL CLASSIFICATION NUMBER | |
| Classification number | 628.44 |
| Author mark and year | PAH 1975 |
| 100 1# - MAIN ENTRY--PERSONAL NAME | |
| Personal name | Pavoni, Joseph L. |
| 9 (RLIN) | 45725 |
| 245 10 - TITLE STATEMENT | |
| Title | Handbook of solid waste disposal : |
| Remainder of title | materials and energy recovery / |
| Statement of responsibility, etc. | Joseph L. Pavoni, John E. Heer, Jr., D. Joseph Hagerty. |
| 260 ## - PUBLICATION, DISTRIBUTION, ETC. (IMPRINT) | |
| Place of publication, distribution, etc. | New York : |
| Name of publisher, distributor, etc. | Van Nostrand Reinhold Co., |
| Date of publication, distribution, etc. | [1975] |
| 300 ## - PHYSICAL DESCRIPTION | |
| Pagination | xv, 549 p. : |
| Illustrations | ill. ; |
| Size | 23 cm. |
| 490 1# - SERIES STATEMENT | |
| Series statement | Van Nostrand Reinhold environmental engineering series |
| 504 ## - BIBLIOGRAPHY, ETC. NOTE | |
| Bibliography, etc | Includes bibliographies and index. |
| 650 #0 - SUBJECT ADDED ENTRY--TOPICAL TERM | |
| Topical term or geographic name as entry element | Refuse and refuse disposal. |
| 9 (RLIN) | 45726 |
| Topical term or geographic name as entry element | Recycling (Waste, etc.) |
| 9 (RLIN) | 45727 |
| Topical term or geographic name as entry element | Refuse as fuel. |
| 9 (RLIN) | 45728 |
| 700 1# - ADDED ENTRY--PERSONAL NAME | |
| Personal name | Heer, John E. |
| Personal name | Hagerty, D. Joseph. |
| 830 #0 - SERIES ADDED ENTRY--UNIFORM TITLE | |
| Uniform title | Van Nostrand Reinhold environmental engineering series |
| 942 ## - ADDED ENTRY ELEMENTS (KOHA) | |
| Source of classification or shelving scheme | Dewey Decimal Classification |
| Koha item type | Books |
| Lost status | Source of classification or shelving scheme | Damaged status | Not for loan | Collection code | Permanent Location | Current Location | Shelving location | Date acquired | Source of acquisition | Cost, normal purchase price | Total Checkouts | Full call number | Date last seen | Copy number | Koha item type |
|---|---|---|---|---|---|---|---|---|---|---|---|---|---|---|---|
| Dewey Decimal Classification | Not For Loan | Non-fiction | Central Library, University of Rajshahi | Central Library, University of Rajshahi | Reading Room | 18/07/1985 | Asia foundation | 0.00 | 628.44 PAH 1975 | 08/02/2014 | C-1 | Books |